000 00669cab a2200217 4500
001 WB3337-19
008 090401t1997 xxu||||| |||| 00| 0 eng d
035 _a(Sirsi) u81113
041 _aeng
245 _aAir pollution exceeding limits
260 _c1997
350 _a0
490 _aTimes
_v26 September 1997, 4(1)
520 _aAir pollution reaches levels harmful to health once every five days in parts of Britain according to figures released by Friends of the Earth.
650 _aAIR POLLUTION
650 _aFRIENDS OF THE EARTH
650 _aPOLLUTION LEVELS
690 _aENVIRONMENTAL AND LAND CONSULTANCY
942 _n0
948 _c26/09/1997
999 _c51113
_d51113